000 00837nam a2200253 i 4500
003 DO-SdBNP
005 20230706103649.0
007 ta
008 230706b2017 dr abc|| |||| 00| 0 spa d
020 _a9789945088984
040 _aDO-SdBNP
_bspa
_cBNPHU
_erda
082 4 _222
100 _958031
_aRivas, Ubi
_eautor
245 1 0 _aPalestina :
_bestudio de un diferido milenario /
_cUbi Rivas ; cuidado de edición, Cándido Gerón
264 _aSanto Domingo :
_bSerigraf,
_c2017.
300 _a785 páginas :
_bilustraciones, mapas y retratos ;
_c23 cm.
336 _2rdacontent
_atexto
_btxt
337 _2rdamedia
_asin mediación
_bn
338 _2rdacarrier
_avolumen
_bnc
500 _aIncluye datos biográficos del autor en la solapa de la cubierta
590 _aInventariado, 2023/BT
910 _aBtavárez
942 _2ddc
_cLBS1
999 _c54127
_d54127